000 01001nam a2200325 i 4500
001 197962
003 ES-MaACL
005 20260626101042.0
007 ta
008 251117s2006 sp ||||| |||| 000 1 spa d
020 _a978-3-7466-5615-1
040 _aES-MaACL
_bspa
_cES-MaACL
_erda
080 _a821.112.2-31"19"
100 0 _aFeuchtwanger, Lion,
_d1884-1958
_eaut
_950633
245 1 4 _aDie jüdin von Toledo /
_cLion Feuchtwanger
250 _a9. Auflage 2006
264 1 _aBerlin :
_bAufbau Taschenbuch,
_c[2006]
264 4 _a©1955
300 _a511 páginas ;
_c19 cm
336 _2rdacontent
_aTexto
337 _2rdamedia
_asin mediación
338 _2rdacarrier
_avolumen
490 0 _aAufbau;
_v5615
655 7 _2tgfbne
_9226782
_aNovelas históricas
852 _aES-MaACL
_cDEPO1
_jA-15988
_xEncuadernación rústica
_9206922
942 _cMONOGRAFIA
_n0
999 _c197962
_d197962